| 000 | 00521nam a2200181Ia 4500 | ||
|---|---|---|---|
| 003 | LDD | ||
| 008 | 181101s9999 xx 000 0 und d | ||
| 020 |
_a8171600891 _c100.00 |
||
| 040 | _cLDD | ||
| 100 | _aShiddiqi, Rasheed Ahmad | ||
| 245 | 0 |
_aMazameen-e-Rasheed _cRasheed Ahmad Shiddiqi |
|
| 260 |
_aNew Delhi _bAnjuman Taraqqi Urdu(Hind) _c2015 |
||
| 300 | _a238p. | ||
| 901 |
_a15921 _b17-03-2017 |
||
| 902 |
_a2841 _b17-03-2017 _cF _dPIBD _e8U |
||
| 903 |
_a20 _bReqst by : Mohd. Akbar |
||
| 942 |
_2ddc _cUR |
||
| 999 |
_c310 _d310 |
||